[Event "Russian Under-20 Championship"]
[Site "Nojabrsk RUS"]
[Date "2005.03.03"]
[EventDate "2005.03.02"]
[Round "2"]
[Result "1-0"]
[White "Evgeny Alekseev"]
[Black "Dmitry Andreikin"]
[WhiteElo "2605"]
[BlackElo "2472"]
[PlyCount "107"]

1. e4 c6 2. d4 d5 3. Nc3 dxe4 4. Nxe4 Bf5 5. Ng3 Bg6 6. h4 h6
7. Nf3 Nd7 8. h5 Bh7 9. Bd3 Bxd3 10. Qxd3 Ngf6 11. Bf4 Qa5+
12. Bd2 Qa4 13. Rh4 Qb5 14. Qxb5 cxb5 15. a4 bxa4 16. Rxa4 e6
17. Ne4 Be7 18. Nxf6+ Nxf6 19. Ke2 O-O 20. Rh1 a6 21. Ne5 Rfc8
22. Kd3 Bd6 23. f4 Nd5 24. g3 f5 25. Raa1 Nf6 26. c4 Ne4
27. Be1 Rd8 28. Ke3 Nf6 29. Kf3 b5 30. Ba5 Rdc8 31. c5 Bxe5
32. dxe5 Nd5 33. b4 Rc6 34. Rad1 Ra7 35. Rhg1 Kh7 36. g4 fxg4+
37. Rxg4 Rf7 38. Rd3 Ne7 39. Rd6 Nf5 40. Ke4 Ne7 41. Rg6 Rc8
42. Rdxe6 Rcf8 43. Rg4 Nf5 44. Rxa6 Rd7 45. Rd6 Re7 46. Rd5
Re6 47. Rd7 Kh8 48. Rg6 Ree8 49. c6 Nh4 50. Rgxg7 Nf5 51. Rg6
Ng3+ 52. Rxg3 Rxe5+ 53. fxe5 Rf4+ 54. Kd3 1-0

[Event "Russian Under-20 Championship"]
[Site "Nojabrsk RUS"]
[Date "2005.03.04"]
[EventDate "2005.03.02"]
[Round "3"]
[Result "1/2-1/2"]
[White "Dmitry Andreikin"]
[Black "Alexander Riazantsev"]
[WhiteElo "2472"]
[BlackElo "2596"]
[PlyCount "39"]

1. e4 e5 2. Nf3 Nc6 3. d4 exd4 4. Nxd4 Bc5 5. Nxc6 Qf6 6. Qd2
dxc6 7. Nc3 Ne7 8. Qf4 Qe6 9. Bd3 O-O 10. O-O Ng6 11. Qg3 Qe5
12. Qxe5 Nxe5 13. Be2 f5 14. Na4 Be7 15. f4 Nd7 16. e5 Nc5
17. Nc3 Be6 18. Be3 a5 19. Rfd1 Rfd8 20. a3 1/2-1/2

[Event "Russian Under-20 Championship"]
[Site "Nojabrsk RUS"]
[Date "2005.03.06"]
[EventDate "2005.03.02"]
[Round "5"]
[Result "1-0"]
[White "Dmitry Andreikin"]
[Black "Evgeny Tomashevsky"]
[WhiteElo "2472"]
[BlackElo "2540"]
[PlyCount "143"]

1. d4 Nf6 2. c4 e6 3. Nf3 b6 4. g3 Ba6 5. b3 d5 6. Bg2 dxc4
7. Ne5 Bb4+ 8. Kf1 Bd6 9. Nxc4 Nd5 10. e4 Ne7 11. Bb2 Nbc6
12. Nbd2 e5 13. d5 Na5 14. Rc1 O-O 15. Kg1 Nxc4 16. Nxc4 Bxc4
17. Rxc4 f5 18. Bh3 fxe4 19. Kg2 Bc5 20. Rf1 c6 21. Rxe4 Nxd5
22. Qe2 Bd4 23. Bxd4 exd4 24. Rxd4 Kh8 25. Qd2 Qf6 26. Kg1
Rae8 27. Bg2 Re2 28. Qxe2 Qxd4 29. Qa6 b5 30. Qxc6 Nc3 31. a3
b4 32. axb4 Qxb4 33. Qa6 Qd4 34. Qc4 Qxc4 35. bxc4 Rc8 36. Ra1
Rxc4 37. Rxa7 g6 38. Re7 Rd4 39. Bf3 Nb5 40. h4 Nd6 41. h5 Nf5
42. Rf7 Kg8 43. Ra7 Rd6 44. Be2 Rd8 45. g4 Nd4 46. Bc4+ Kh8
47. h6 Nc6 48. Rc7 Ne5 49. Be6 Rf8 50. g5 Nd3 51. Bf7 Ne5
52. Bd5 Nd3 53. f3 Nf4 54. Bc4 Nh3+ 55. Kg2 Nf4+ 56. Kg3 Nh5+
57. Kf2 Nf4 58. Kg3 Nh5+ 59. Kh2 Nf4 60. Re7 Nh5 61. Re4 Nf4
62. Rd4 Nh5 63. Bf7 Rb8 64. Kh3 Ra8 65. Kg4 Rc8 66. Re4 Rf8
67. Re8 Rxe8 68. Bxe8 Kg8 69. f4 Kf8 70. Ba4 Kg8 71. Bc2 Kf7
72. Bb3+ 1-0

[Event "Russian Under-20 Championship"]
[Site "Nojabrsk RUS"]
[Date "2005.03.09"]
[EventDate "2005.03.02"]
[Round "8"]
[Result "1/2-1/2"]
[White "Ildar Khairullin"]
[Black "Dmitry Andreikin"]
[WhiteElo "2507"]
[BlackElo "2472"]
[PlyCount "32"]

1. e4 e5 2. Nf3 Nf6 3. Nxe5 d6 4. Nf3 Nxe4 5. Nc3 Nxc3 6. dxc3
Be7 7. Bf4 O-O 8. Qd2 Nd7 9. O-O-O Nc5 10. Kb1 Re8 11. Be3 Ne4
12. Qc1 Bf6 13. Nd4 Bg5 14. Bxg5 Qxg5 15. Qxg5 Nxg5 16. Bd3
Bd7 1/2-1/2

[Event "Russian Under-20 Championship"]
[Site "Nojabrsk RUS"]
[Date "2005.03.12"]
[EventDate "2005.03.02"]
[Round "11"]
[Result "1/2-1/2"]
[White "Dmitry Andreikin"]
[Black "Artyom Timofeev"]
[WhiteElo "2472"]
[BlackElo "2619"]
[PlyCount "20"]

1. d4 d5 2. Nf3 e6 3. c4 c6 4. e3 f5 5. Bd3 Nf6 6. O-O Bd6
7. b3 Qe7 8. a4 a5 9. Ba3 Bxa3 10. Nxa3 O-O 1/2-1/2

[Event "7th Rector Cup"]
[Site "Kharkiv UKR"]
[Date "2005.04.21"]
[EventDate "2005.04.20"]
[Round "2"]
[Result "1/2-1/2"]
[White "Viacheslav Zakhartsov"]
[Black "Dmitry Andreikin"]
[WhiteElo "2518"]
[BlackElo "2495"]
[PlyCount "38"]

1. d4 Nf6 2. c4 e6 3. Nc3 Bb4 4. Qc2 O-O 5. a3 Bxc3+ 6. Qxc3
b6 7. Bg5 Bb7 8. e3 d6 9. Ne2 Nbd7 10. Qd3 Qe7 11. Nc3 Rfd8
12. Rd1 h6 13. Bh4 Nf8 14. d5 Ng6 15. Bg3 Ba6 16. dxe6 Qxe6
17. Nb5 Rd7 18. Be2 Bb7 19. O-O Ne4 1/2-1/2

[Event "7th Rector Cup"]
[Site "Kharkiv UKR"]
[Date "2005.04.26"]
[EventDate "2005.04.20"]
[Round "7"]
[Result "1/2-1/2"]
[White "Alexander Zubarev"]
[Black "Dmitry Andreikin"]
[WhiteElo "2514"]
[BlackElo "2495"]
[PlyCount "42"]

1. e4 e5 2. Nf3 Nf6 3. Nxe5 d6 4. Nf3 Nxe4 5. Nc3 Nxc3 6. dxc3
Be7 7. Bf4 O-O 8. Qd2 Nd7 9. O-O-O Nc5 10. Be3 Re8 11. Bc4 Be6
12. Bxe6 Nxe6 13. h4 Qd7 14. Rh3 Rad8 15. Kb1 d5 16. c4 d4
17. Nxd4 Nxd4 18. Bxd4 c5 19. Bc3 Qxh3 20. gxh3 Rxd2 21. Bxd2
Rd8 1/2-1/2

[Event "World Junior Championship"]
[Site "Yerevan ARM"]
[Date "2006.10.04"]
[EventDate "2006.10.03"]
[Round "2"]
[Result "1/2-1/2"]
[White "Kezli Ong"]
[Black "Dmitry Andreikin"]
[WhiteElo "2328"]
[BlackElo "2507"]
[PlyCount "94"]

1. e4 e5 2. Nf3 Nc6 3. Bb5 Nf6 4. O-O Nxe4 5. d4 Nd6 6. Bxc6
dxc6 7. dxe5 Nf5 8. Qxd8+ Kxd8 9. Nc3 Ke8 10. h3 Ne7 11. Nd4
Ng6 12. f4 Bc5 13. Be3 Ne7 14. Rae1 Bxd4 15. Bxd4 Nf5 16. Bf2
h5 17. Ne4 h4 18. Ng5 b6 19. Rd1 c5 20. Rd2 Ba6 21. Rfd1 Bb5
22. b3 Ke7 23. a4 Bc6 24. c4 a5 25. Kh2 Rhe8 26. Kg1 Rac8
27. Kh2 f6 28. exf6+ gxf6 29. Re1+ Kf8 30. Rxe8+ Rxe8 31. Nf3
Bxf3 32. gxf3 Ke7 33. Rd5 Ke6 34. Kg2 Rh8 35. Kf1 Ne7 36. Rd2
Ng6 37. Be3 Rh5 38. Rd8 Rf5 39. Re8+ Kd7 40. Rg8 Nxf4 41. Bxf4
Rxf4 42. Ke2 c6 43. Rg7+ Kd6 44. Rb7 Rf5 45. Rh7 Rf4 46. Rb7
Rf5 47. Rh7 Rf4 1/2-1/2

[Event "World Junior Championship"]
[Site "Yerevan ARM"]
[Date "2006.10.05"]
[EventDate "2006.10.03"]
[Round "3"]
[Result "1-0"]
[White "Dmitry Andreikin"]
[Black "Robert Hovhannisyan"]
[WhiteElo "2507"]
[BlackElo "2264"]
[PlyCount "119"]

1. e4 e5 2. Nf3 Nf6 3. Nxe5 d6 4. Nf3 Nxe4 5. Bd3 Nf6 6. O-O
Be7 7. h3 O-O 8. c3 d5 9. Bc2 Bd6 10. d4 h6 11. Re1 Nbd7
12. Ne5 c6 13. Bf4 Qc7 14. Qd3 Re8 15. Nd2 Nf8 16. Qf3 c5
17. Rac1 Ne6 18. Bxh6 cxd4 19. Ng4 Nxg4 20. Qxg4 Kf8 21. Ba4
gxh6 22. Bxe8 Kxe8 23. Qxd4 Bd7 24. Qh8+ Bf8 25. c4 Qf4
26. Rcd1 Bc6 27. Nf3 Qxc4 28. Qf6 Be7 29. Qh8+ Bf8 30. Qf6 Be7
31. Qxh6 Rd8 32. Qh8+ Kd7 33. Ne5+ Kc7 34. Qh7 Qf4 35. Nxf7
Rf8 36. Rxe6 Bc5 37. Ne5+ Kb8 38. Nxc6+ bxc6 39. Kh1 Bd6
40. Rxd6 Qxd6 41. Rd3 Ka8 42. Ra3 Qc5 43. Qc7 d4 44. Rb3 Qc1+
45. Kh2 Qf4+ 46. Qxf4 Rxf4 47. Kg3 Rf8 48. Rd3 c5 49. b4 Rd8
50. bxc5 Kb7 51. f4 Kc6 52. f5 Kxc5 53. Kf4 Kc4 54. Rd1 Kc3
55. f6 Kc2 56. Rf1 d3 57. f7 d2 58. Ke5 Rb8 59. g4 Rb1 60. Rf2
1-0

[Event "World Junior Championship"]
[Site "Yerevan ARM"]
[Date "2006.10.06"]
[EventDate "2006.10.03"]
[Round "4"]
[Result "1-0"]
[White "Dmitry Frolyanov"]
[Black "Dmitry Andreikin"]
[WhiteElo "2498"]
[BlackElo "2507"]
[PlyCount "105"]

1. e4 e5 2. Nf3 Nf6 3. Nxe5 d6 4. Nf3 Nxe4 5. Nc3 Nxc3 6. dxc3
Be7 7. Bf4 Nc6 8. Qd2 Bg4 9. Be2 Qd7 10. O-O-O a6 11. h3 Be6
12. Kb1 O-O-O 13. Rhe1 Rhe8 14. Ng5 Bxg5 15. Bxg5 f6 16. Be3
Bf5 17. c4 Be4 18. Bf1 Ne5 19. Qc3 Qc6 20. f3 Bg6 21. b3 Re7
22. Kb2 Rde8 23. Bf2 Nd7 24. Rxe7 Rxe7 25. Re1 Kd8 26. Rxe7
Kxe7 27. Bd4 Nc5 28. Be2 b6 29. g4 Ne6 30. Be3 a5 31. h4 h6
32. Qd2 Qe8 33. Bf1 Qa8 34. Bg2 Be8 35. f4 Bc6 36. Bd5 Qe8
37. g5 hxg5 38. fxg5 Bxd5 39. cxd5 Nf8 40. gxf6+ gxf6 41. Qc3
Qd7 42. Bd4 Nh7 43. h5 Kf7 44. Qd3 Kf8 45. Qg6 Qf7 46. Qf5 Kg7
47. a4 Kh6 48. Be3+ Kg7 49. h6+ Kg8 50. Bd4 Kh8 51. Qc8+ Nf8
52. Qd8 Kh7 53. Qxf6 1-0

[Event "World Junior Championship"]
[Site "Yerevan ARM"]
[Date "2006.10.08"]
[EventDate "2006.10.03"]
[Round "6"]
[Result "1/2-1/2"]
[White "Alexey Kim"]
[Black "Dmitry Andreikin"]
[WhiteElo "2428"]
[BlackElo "2507"]
[PlyCount "67"]

1. e4 c5 2. Nf3 d6 3. c3 Nf6 4. Be2 g6 5. O-O Bg7 6. d3 Nc6
7. Nbd2 O-O 8. Re1 e5 9. a3 d5 10. b4 c4 11. Bb2 cxd3 12. Bxd3
Qc7 13. c4 dxe4 14. Nxe4 Rd8 15. Nxf6+ Bxf6 16. Qe2 Be6
17. Be4 Ne7 18. Rac1 Bg7 19. Bd5 Bxd5 20. cxd5 Qd6 21. Bxe5
Bxe5 22. Nxe5 Nxd5 23. Qf3 f6 24. Ng4 f5 25. Qxd5+ Qxd5
26. Nf6+ Kf8 27. Nxd5 Rxd5 28. Rc7 Re8 29. Kf1 Rxe1+ 30. Kxe1
Re5+ 31. Kd2 Re7 32. Rxe7 Kxe7 33. Kd3 Kd6 34. Kd4 1/2-1/2

[Event "World Junior Championship"]
[Site "Yerevan ARM"]
[Date "2006.10.09"]
[EventDate "2006.10.03"]
[Round "7"]
[Result "1-0"]
[White "Dmitry Andreikin"]
[Black "John Paul Gomez"]
[WhiteElo "2507"]
[BlackElo "2387"]
[PlyCount "147"]

1. c4 e5 2. Nc3 Nf6 3. Nf3 Nc6 4. e4 Bb4 5. d3 O-O 6. a3 Bxc3+
7. bxc3 d6 8. g3 h6 9. Bg2 Be6 10. Nh4 Qd7 11. f4 exf4
12. gxf4 Bh3 13. Qf3 Bxg2 14. Qxg2 Kh8 15. Nf5 Rg8 16. O-O Ne7
17. Ne3 g5 18. f5 Nc6 19. Nd5 Qd8 20. d4 Na5 21. e5 dxe5
22. dxe5 Nh7 23. f6 Nc6 24. Re1 Qd7 25. Ra2 Rae8 26. Rae2 Qf5
27. Qg3 Qb1 28. e6 Rxe6 29. Rxe6 fxe6 30. Ne7 Nxe7 31. fxe7
Qf5 32. Be3 e5 33. Bd4 exd4 34. e8=Q Rxe8 35. Rxe8+ Kg7
36. cxd4 Nf6 37. Re1 Ne4 38. Qg2 Nf6 39. Rf1 Qd7 40. d5 Nh5
41. Kh1 b6 42. Qb2+ Kg8 43. Re1 Qh3 44. Qg2 Qh4 45. Rc1 Qf4
46. Re1 Qh4 47. Rd1 Nf6 48. Rf1 Kg7 49. Qf3 Qd4 50. Qf5 Qc3
51. a4 a5 52. Kg2 Qd4 53. Rf2 Qc3 54. Re2 Kf7 55. Rf2 Kg7
56. h3 Qd4 57. Re2 Kf7 58. Qe5 Qxe5 59. Rxe5 Ne8 60. Re6 Nd6
61. Rxh6 Nxc4 62. Rc6 Nb2 63. Rxc7+ Ke8 64. Rb7 Nxa4 65. Kf3
Kd8 66. d6 Kc8 67. d7+ Kd8 68. Kg4 Nc5 69. Rxb6 Kxd7 70. Rb5
Ne4 71. Rxa5 Ke6 72. Rf5 Nd6 73. Rf1 Nf7 74. Kh5 1-0

[Event "World Junior Championship"]
[Site "Yerevan ARM"]
[Date "2006.10.11"]
[EventDate "2006.10.03"]
[Round "8"]
[Result "1/2-1/2"]
[White "Dmitry Andreikin"]
[Black "David Howell"]
[WhiteElo "2507"]
[BlackElo "2471"]
[PlyCount "93"]

1. e4 e5 2. Nf3 Nc6 3. d4 exd4 4. Nxd4 Bc5 5. Nxc6 Qf6 6. Qf3
Qxf3 7. gxf3 dxc6 8. Be3 Bxe3 9. fxe3 Nf6 10. Nd2 Be6 11. Rg1
O-O 12. Nb3 Rad8 13. Nd4 Bd7 14. b4 Rfe8 15. Rg5 g6 16. a4 Kf8
17. Ra3 h6 18. Rc5 Bc8 19. Nxc6 bxc6 20. Rxc6 Be6 21. Rxc7 Rd7
22. Rac3 Rxc7 23. Rxc7 Re7 24. Rc6 Rb7 25. b5 Ke7 26. Kd2 Nd7
27. f4 Nb8 28. Rc3 a6 29. e5 axb5 30. axb5 Nd7 31. Rc6 Nb8
32. Rd6 Rd7 33. Rd4 Rc7 34. c4 Nd7 35. Kc3 f6 36. exf6+ Kxf6
37. e4 g5 38. f5 Bf7 39. Rd6+ Ke5 40. Rxh6 Nf6 41. Kb4 Nxe4
42. b6 Rc8 43. Rh7 Kf6 44. Rh6+ Ke5 45. Rh7 Kf6 46. Rh6+ Ke5
47. Rh7 1/2-1/2

[Event "World Junior Championship"]
[Site "Yerevan ARM"]
[Date "2006.10.12"]
[EventDate "2006.10.03"]
[Round "9"]
[Result "0-1"]
[White "Deepan Chakkravarthy J"]
[Black "Dmitry Andreikin"]
[WhiteElo "2501"]
[BlackElo "2507"]
[PlyCount "88"]

1. e4 e5 2. Nf3 Nc6 3. Bb5 Nf6 4. O-O Nxe4 5. d4 Nd6 6. Bxc6
dxc6 7. dxe5 Nf5 8. Qxd8+ Kxd8 9. Nc3 Ke8 10. h3 Ne7 11. Be3
Ng6 12. Rad1 Be6 13. a3 a6 14. Rfe1 Rd8 15. Nd4 Bc8 16. f4 Bc5
17. Nce2 Ne7 18. Kh2 Bxd4 19. Bxd4 h5 20. Bf2 Nf5 21. g3 b6
22. Nd4 Nxd4 23. Rxd4 Rxd4 24. Bxd4 Bf5 25. Kg2 Ke7 26. c4 Rd8
27. Bc3 c5 28. Kf2 Bxh3 29. Re2 Be6 30. b3 a5 31. Rd2 Rg8
32. a4 g5 33. fxg5 Rxg5 34. Re2 Rf5+ 35. Ke3 Bd7 36. Kd2 Ke6
37. Rh2 Bc6 38. Kc2 Bf3 39. Bd2 Kxe5 40. Rh4 Bg4 41. Rh1 Rf2
42. Re1+ Kd4 43. Re7 Bf5+ 44. Kc1 Be6 0-1

[Event "World Junior Championship"]
[Site "Yerevan ARM"]
[Date "2006.10.13"]
[EventDate "2006.10.03"]
[Round "10"]
[Result "1/2-1/2"]
[White "Dmitry Andreikin"]
[Black "Ildar Khairullin"]
[WhiteElo "2507"]
[BlackElo "2543"]
[PlyCount "83"]

1. e4 c5 2. Nc3 d6 3. f4 g6 4. Bb5+ Bd7 5. Bxd7+ Qxd7 6. Nf3
Bg7 7. O-O Nc6 8. d3 e6 9. e5 dxe5 10. fxe5 Nxe5 11. Ne4 Ne7
12. Kh1 O-O 13. Bh6 Qc7 14. Qd2 Nd7 15. Bxg7 Kxg7 16. Nfg5 Qc6
17. Qc3+ f6 18. Nxc5 Nxc5 19. Qxc5 Rae8 20. Ne4 b6 21. Qa3 Qd7
22. d4 Nc6 23. Rad1 Rd8 24. Qh3 Qe7 25. Qc3 Rc8 26. Qe3 Nb4
27. c3 Nd5 28. Qe2 Qc7 29. Rde1 Nf4 30. Qf3 e5 31. g3 Nh5
32. dxe5 fxe5 33. Qe2 Qc6 34. Kg1 Rxf1+ 35. Rxf1 Rf8 36. Rxf8
Kxf8 37. Ng5 Qc5+ 38. Kf1 Qe7 39. Qf3+ Kg7 40. Ne4 Qe6 41. b3
a5 42. c4 1/2-1/2

[Event "World Junior Championship"]
[Site "Yerevan ARM"]
[Date "2006.10.16"]
[EventDate "2006.10.03"]
[Round "13"]
[Result "1/2-1/2"]
[White "Dmitry Andreikin"]
[Black "Sayed Javad Alavi Moghaddam"]
[WhiteElo "2507"]
[BlackElo "2368"]
[PlyCount "50"]

1. e4 c6 2. d4 d5 3. Nd2 dxe4 4. Nxe4 Bf5 5. Ng3 Bg6 6. Nh3
Nf6 7. Nf4 e5 8. dxe5 Qa5+ 9. c3 Qxe5+ 10. Qe2 Bd6 11. Qxe5+
Bxe5 12. Bc4 O-O 13. O-O Nbd7 14. Re1 Rfe8 15. Nxg6 hxg6
16. Bg5 Nb6 17. Bb3 Nbd5 18. Ne2 a5 19. a4 Ne4 20. Bh4 Nf4
21. Bc2 Nxe2+ 22. Rxe2 Bf6 23. Bxe4 Bxh4 24. g3 Bf6 25. Rae1
Rad8 1/2-1/2

[Event "European Individual Championship"]
[Site "Dresden GER"]
[Date "2007.04.13"]
[EventDate "2007.04.03"]
[Round "10"]
[Result "0-1"]
[White "Dmitry Andreikin"]
[Black "Evgenij Miroshnichenko"]
[WhiteElo "2532"]
[BlackElo "2646"]
[PlyCount "76"]

1. d4 Nf6 2. Nf3 e6 3. c4 c5 4. Nc3 cxd4 5. Nxd4 a6 6. a3 Qc7
7. Bg5 Be7 8. Rc1 d6 9. g3 O-O 10. Bg2 Nbd7 11. O-O Ne5
12. Kh1 Re8 13. f4 Ng6 14. f5 Ne5 15. Bxf6 Bxf6 16. Ne4 Ng4
17. c5 dxc5 18. Rxc5 Qb6 19. Qa4 Rd8 20. fxe6 Bxd4 21. e7 Be6
22. exd8=Q+ Rxd8 23. Qb4 Qxb4 24. axb4 Ne3 25. Rfc1 Bxb2
26. Rb1 b6 27. Rc7 Ba2 28. Rg1 Nxg2 29. Rxg2 Bd5 30. Ng5 Bf6
31. Nf3 a5 32. bxa5 bxa5 33. Rg1 g5 34. g4 a4 35. Ra7 Bb3
36. Rc1 Re8 37. Nd2 Bd5+ 38. e4 Rxe4 0-1

[Event "European Individual Championship"]
[Site "Dresden GER"]
[Date "2007.04.14"]
[EventDate "2007.04.03"]
[Round "11"]
[Result "1/2-1/2"]
[White "Daniel Alsina Leal"]
[Black "Dmitry Andreikin"]
[WhiteElo "2428"]
[BlackElo "2532"]
[PlyCount "191"]

1. e4 c6 2. d4 d5 3. Nc3 dxe4 4. Nxe4 Nd7 5. Ng5 Ngf6 6. Bd3
e6 7. N1f3 Bd6 8. Qe2 h6 9. Ne4 Nxe4 10. Qxe4 Qc7 11. Qg4 Kf8
12. O-O b6 13. b3 Bb7 14. Bb2 Nf6 15. Qh4 Nd5 16. Ne5 g5
17. Qg4 f5 18. Qd1 Bxe5 19. dxe5 Rd8 20. Qe1 c5 21. Rd1 Nf4
22. f3 Kf7 23. Qe3 Nxd3 24. Rxd3 Rxd3 25. Qxd3 Rd8 26. Qe3 Qd7
27. Bc3 Ba6 28. Re1 Qd5 29. h4 f4 30. Qe4 Qxe4 31. Rxe4 Bb7
32. Re2 Kg6 33. hxg5 hxg5 34. Rd2 Rxd2 35. Bxd2 Kf5 36. Bc3 g4
37. Kf2 g3+ 38. Ke1 Bc6 39. a3 a5 40. Bb2 Kg5 41. Bc1 Be8
42. b4 axb4 43. axb4 cxb4 44. Bd2 Ba4 45. Bxb4 Bxc2 46. Bc3
Kf5 47. Bd4 b5 48. Bc3 Bd3 49. Bd4 b4 50. Bb2 b3 51. Bc3 Kg6
52. Bd4 Bc4 53. Bc3 Kf7 54. Bb2 Bd5 55. Ke2 Bb7 56. Bc1 Kg6
57. Bb2 Ba6+ 58. Ke1 Kg5 59. Bc3 Bb5 60. Bb2 Bc6 61. Ke2 Be8
62. Bc3 Bh5 63. Bb2 Bg6 64. Ba3 Kh5 65. Bb2 Kh4 66. Bc3 Bf5
67. Kf1 Bh3 68. Bd4 Bf5 69. Ke2 Bh3 70. Kf1 Bf5 71. Ke2 Bg6
72. Bc3 Kg5 73. Bb2 Be8 74. Bc3 Bb5+ 75. Ke1 Kg6 76. Bb2 Kf7
77. Bc1 Kg7 78. Bb2 Kg6 79. Bc1 Kf7 80. Bb2 Bc6 81. Ke2 Bd5
82. Bc1 Kg6 83. Bb2 Kf5 84. Bc3 Kg5 85. Bb2 Kf5 86. Bc3 Kg5
87. Bb2 Bc6 88. Bc3 Bb5+ 89. Ke1 Bd3 90. Bb2 Bb5 91. Bc1 Bc4
92. Bb2 Bd3 93. Bc3 Kh4 94. Bb2 Bf5 95. Bd4 Bh3 96. Kf1
1/2-1/2

[Event "Russian Under-20 Championship"]
[Site "Saint-Petersburg"]
[Date "2008.03.08"]
[EventDate "2008.3.8"]
[Round "1"]
[Result "1/2-1/2"]
[White "Dmitry Andreikin"]
[Black "Aleksandr Rakhmanov"]
[WhiteElo "2573"]
[BlackElo "2524"]
[PlyCount "150"]

1. d4 Nf6 2. c4 e6 3. Nc3 d5 4. cxd5 Nxd5 5. e4 Nxc3 6. bxc3
c5 7. Nf3 cxd4 8. cxd4 Nc6 9. Be2 Bb4+ 10. Bd2 Bxd2+ 11. Qxd2
O-O 12. O-O e5 13. dxe5 Nxe5 14. Qb2 Nxf3+ 15. Bxf3 b6 16. Qa3
Be6 17. e5 Rc8 18. Qxa7 Rc5 19. Rfd1 Qb8 20. Qxb8 Rxb8 21. Re1
Ra5 22. a3 g5 23. Re3 Rc8 24. h3 Rcc5 25. Rb1 b5 26. Bg4 Ra6
27. Be2 Bc4 28. Rc1 Re6 29. Bxc4 bxc4 30. Kf1 Kf8 31. g3 Ke7
32. Rcc3 Ra6 33. Re4 Ra4 34. h4 h6 35. hxg5 hxg5 36. Rg4 f6
37. exf6+ Kxf6 38. Re4 Kf5 39. f3 Rca5 40. Ree3 Rb5 41. g4+
Kf6 42. Kf2 Rb2+ 43. Kg3 Rb1 44. Re4 Rg1+ 45. Kf2 Ra1 46. Rce3
R1xa3 47. Re6+ Kf7 48. Re7+ Kf8 49. Re8+ Kf7 50. R8e7+ Kf8
51. Rxa3 Rxa3 52. Re5 Ra7 53. Rf5+ Rf7 54. Rxg5 Rc7 55. Ke2 c3
56. Kd1 c2+ 57. Kc1 Rc4 58. Re5 Kf7 59. Re4 Rc3 60. f4 Kf6
61. Ra4 Rc6 62. Rb4 Kg6 63. Re4 Kf6 64. Re5 Rc4 65. g5+ Kf7
66. f5 Rg4 67. f6 Rg2 68. Rf5 Kf8 69. f7 Rg4 70. Kxc2 Rc4+
71. Kd3 Rc6 72. Ke4 Rg6 73. Ke5 Rg7 74. Ke6 Rg6+ 75. Rf6 Rxf6+
1/2-1/2

[Event "Russian Under-20 Championship"]
[Site "Saint-Peterburg"]
[Date "2008.03.11"]
[EventDate "2008.3.8"]
[Round "4"]
[Result "0-1"]
[White "Roman Lovkov"]
[Black "Dmitry Andreikin"]
[WhiteElo "2457"]
[BlackElo "2573"]
[PlyCount "66"]

1. d4 Nf6 2. Nf3 e6 3. g3 b5 4. Qd3 Ba6 5. Bg2 c5 6. O-O Qb6
7. Bg5 Nc6 8. Bxf6 gxf6 9. Rd1 b4 10. Qd2 cxd4 11. Nxd4 Qxd4
12. Qxd4 Nxd4 13. Rxd4 Rc8 14. Rd2 Rc5 15. c3 f5 16. a3 bxc3
17. Nxc3 Bg7 18. Rd6 Bc8 19. Nd1 Rc2 20. e3 Ke7 21. Rd3 d5
22. Rb3 Rd8 23. Rb1 d4 24. exd4 Bxd4 25. Bf1 e5 26. Ne3 Rd2
27. Re1 Be6 28. Rb7+ Kf6 29. Re2 Bb6 30. a4 f4 31. a5 Bxa5
32. Rxa7 fxe3 33. Rxa5 Bc4 0-1

[Event "Russian Under-20 Championship"]
[Site "Saint-Peterburg"]
[Date "2008.03.12"]
[EventDate "2008.3.8"]
[Round "5"]
[Result "1/2-1/2"]
[White "Dmitry Andreikin"]
[Black "Ivan Popov"]
[WhiteElo "2573"]
[BlackElo "2595"]
[PlyCount "36"]

1. e4 e5 2. Nf3 Nc6 3. Bb5 a6 4. Bxc6 dxc6 5. O-O Bg4 6. h3 h5
7. c3 Qd3 8. hxg4 hxg4 9. Nxe5 Bd6 10. Nxd3 Bh2+ 11. Kh1 Bd6+
12. Kg1 Bh2+ 13. Kh1 Be5+ 14. Kg1 Bh2+ 15. Kh1 Bf4+ 16. Kg1
Bh2+ 17. Kh1 Bg3+ 18. Kg1 Bh2+ 1/2-1/2

[Event "Russian Under-20 Championship"]
[Site "Saint-Peterburg"]
[Date "2008.03.13"]
[EventDate "2008.3.8"]
[Round "6"]
[Result "1/2-1/2"]
[White "Aleksandr Shimanov"]
[Black "Dmitry Andreikin"]
[WhiteElo "2441"]
[BlackElo "2573"]
[PlyCount "115"]

1. e4 e5 2. Nf3 Nc6 3. Bb5 Nf6 4. Bxc6 dxc6 5. d3 Nd7 6. Nbd2
g6 7. Nc4 Qe7 8. O-O Bg7 9. Bd2 b6 10. Bc3 O-O 11. b4 c5
12. a3 Re8 13. Qb1 a6 14. Nfd2 Nb8 15. bxc5 Qxc5 16. Qb2 Nc6
17. Nb3 Qf8 18. f4 exf4 19. Rxf4 Be6 20. Ncd2 a5 21. Rf2 Rad8
22. Nf3 a4 23. Nbd2 Bxc3 24. Qxc3 Qc5 25. Qxc5 bxc5 26. Rb1
Rb8 27. Rff1 Ba2 28. Ra1 Rb2 29. Rfc1 c4 30. dxc4 Na5 31. Ne1
Rd8 32. Ndf3 Bxc4 33. Rcb1 Rdb8 34. Nd2 Ba2 35. Rc1 Nc4
36. Nxc4 Bxc4 37. Rd1 c5 38. Kf2 Re8 39. Kf3 f5 40. Rd7 Rxe4
41. Rc7 Rb8 42. Rxc5 Rbe8 43. Kg3 Ba6 44. Nf3 Rg4+ 45. Kh3 Re3
46. Rc7 Rge4 47. Rb1 Re7 48. Rxe7 Rxe7 49. Rb4 Bf1 50. Rb1 Be2
51. Kg3 Re4 52. c3 Rc4 53. Rb4 Rxc3 54. Rxa4 Bb5 55. Ra5 Bc6
56. h4 Kg7 57. Ra7+ Kf6 58. Rxh7 1/2-1/2

[Event "Russian Under-20 Championship"]
[Site "Saint-Petersburg"]
[Date "2008.03.17"]
[EventDate "2008.3.8"]
[Round "10"]
[Result "1/2-1/2"]
[White "Pavel Ponkratov"]
[Black "Dmitry Andreikin"]
[WhiteElo "2489"]
[BlackElo "2573"]
[PlyCount "120"]

1. e4 c6 2. d4 d5 3. e5 Bf5 4. g4 Bd7 5. Bg2 Qb6 6. c3 e6
7. Nf3 h5 8. g5 Ne7 9. O-O Nf5 10. c4 dxc4 11. Nbd2 Qa6
12. Qc2 c5 13. dxc5 Bxc5 14. Nxc4 O-O 15. Rd1 Rc8 16. b3 b5
17. g6 fxg6 18. Ng5 Bc6 19. Nd6 Bxd6 20. exd6 Bxg2 21. Qe2 Re8
22. Kxg2 Nd7 23. Bb2 Rac8 24. a4 Qc6+ 25. Kg1 Nh4 26. Qe4 Qxe4
27. Nxe4 Rc2 28. Bd4 Rf8 29. Bxa7 Rf4 30. Ng3 bxa4 31. bxa4
Nf3+ 32. Kg2 Nfe5 33. h3 h4 34. Nf1 Rf5 35. Nh2 Nc4 36. Rab1
Ra5 37. Rb7 Rxa7 38. Rxa7 Ne3+ 39. Kg1 Nxd1 40. Rxd7 Nxf2
41. Rc7 Nxh3+ 42. Kf1 Rd2 43. d7 Kf8 44. Nf3 Rd1+ 45. Ke2 Rd5
46. a5 Nf4+ 47. Kf2 Nd3+ 48. Ke3 Nb4 49. Rb7 Nc6 50. a6 Ke7
51. a7 Nxa7 52. Rxa7 Rxd7 53. Ra4 g5 54. Nxg5 Rd5 55. Rg4 Re5+
56. Kd4 Rd5+ 57. Ke4 Kf6 58. Nh7+ Kf7 59. Ng5+ Kf6 60. Nh7+
Kf7 1/2-1/2

[Event "Russian Under-20 Championship"]
[Site "Saint-Peterburg"]
[Date "2008.03.18"]
[EventDate "2008.3.8"]
[Round "11"]
[Result "1-0"]
[White "Dmitry Andreikin"]
[Black "Vasily Papin"]
[WhiteElo "2573"]
[BlackElo "2475"]
[PlyCount "55"]

1. Nf3 Nf6 2. c4 c6 3. Nc3 d5 4. e3 Nbd7 5. Qc2 e6 6. b3 Bd6
7. Bb2 O-O 8. Be2 Qe7 9. O-O Ba3 10. Bxa3 Qxa3 11. Rac1 Qe7
12. d4 b6 13. cxd5 exd5 14. Bd3 Re8 15. e4 dxe4 16. Nxe4 Bb7
17. Rfe1 Qf8 18. Ne5 h6 19. Bc4 Nxe5 20. Nxf6+ gxf6 21. dxe5
Qg7 22. e6 fxe6 23. Re3 Kh8 24. Rg3 Qh7 25. Bd3 Qe7 26. Qd2
Qf8 27. Rc4 Re7 28. Rh4 1-0

[Event "European Individual Championship"]
[Site "Plovdiv BUL"]
[Date "2008.04.21"]
[EventDate "2008.04.21"]
[Round "1"]
[Result "1-0"]
[White "Dmitry Andreikin"]
[Black "Plamen Mladenov"]
[WhiteElo "2580"]
[BlackElo "2371"]
[PlyCount "99"]

1. e4 c5 2. Nf3 d6 3. Nc3 Nf6 4. e5 dxe5 5. Nxe5 Nbd7 6. d4 e6
7. Nc4 cxd4 8. Qxd4 Bc5 9. Nd6+ Ke7 10. Nxc8+ Rxc8 11. Qh4 Ne5
12. Be2 Qd4 13. Qg3 Neg4 14. Nd1 Rhd8 15. Qf3 Qe5 16. Bf4 Qd5
17. h3 Ne5 18. Qxd5 Rxd5 19. O-O Bb6 20. Nc3 Rxc3 21. bxc3 Ne4
22. c4 Ra5 23. Bd3 Nc3 24. Bd2 Bd4 25. Rab1 b6 26. Rb3 Nxd3
27. Bxc3 Bxc3 28. cxd3 Bd4 29. a3 Re5 30. g4 Re2 31. Kg2 a5
32. Kf3 Ra2 33. Ke4 e5 34. f4 f6 35. fxe5 fxe5 36. Kd5 a4
37. Rbb1 Rxa3 38. Rf3 Ra1 39. Rxa1 Bxa1 40. Rf2 a3 41. Ra2 Bb2
42. Kc6 Kd8 43. Kxb6 Kc8 44. h4 Kb8 45. Kc6 Kc8 46. h5 h6
47. c5 Bc1 48. Rf2 Bf4 49. Rf1 Kd8 50. Ra1 1-0